[Event "AUTO-INT-2025"]
[Site "http://www.queenalice.com/game.php?id=934228"]
[Date "2011.5.4"]
[Round "1"]
[White "Fiusorov"]
[Black "Dedey_123"]
[Result "0-1"]
[WhiteElo "1585"]
[BlackElo "1323"]

1. e4 e5 2. Nf3 Nc6 3. Bb5 Nge7 4. d4 f6 5. Nc3 b6 6. Bxc6 Nxc6 7. d5 Ne7 8. Ne2
d6 9. c4 c5 10. a3 g5 11. O-O Bg7 12. Ng3 g4 13. Ne1 O-O 14. Be3 Ba6 15. b3 b5
16. Qe2 b4 17. Qxg4 Qc8 18. Qxc8 Raxc8 19. axb4 Bb7 0-1

[Event "AUTO-INT-2025"]
[Site "http://www.queenalice.com/game.php?id=934229"]
[Date "2011.5.4"]
[Round "1"]
[White "Dedey_123"]
[Black "Fiusorov"]
[Result "1-0"]
[WhiteElo "1349"]
[BlackElo "1559"]

1. e4 d5 2. e5 f6 3. exf6 Nxf6 4. Nf3 Bg4 5. Be2 Qd7 6. O-O Nc6 7. c3 e5 8. d4
Bxf3 9. Bxf3 e4 10. Re1 Bd6 11. Be2 O-O-O 12. b4 h5 13. Bg5 Qf5 14. Bxf6 Qxf6
15. Bxh5 Qh4 16. Bg4+ Kb8 17. h3 Rhf8 18. Rf1 Ne7 19. a4 Ng6 20. a5 1-0

[Event "AUTO-INT-2025"]
[Site "http://www.queenalice.com/game.php?id=934230"]
[Date "2011.5.4"]
[Round "1"]
[White "Fiusorov"]
[Black "nuage"]
[Result "1-0"]
[WhiteElo "1719"]
[BlackElo "1546"]

1. e4 e5 2. Nf3 Nc6 3. Bb5 a6 4. Bxc6 dxc6 5. Nxe5 Qd4 6. Nxf7 Qxe4+ 7. Qe2
Qxe2+ 8. Kxe2 Kxf7 9. Re1 Bf5 10. d3 Re8+ 11. Be3 Bc5 12. Kf1 Nf6 13. Bxc5 Rxe1+
14. Kxe1 Re8+ 15. Kd2 b6 16. Be3 Ng4 17. h3 Ne5 18. Nc3 c5 19. Bf4 c6 20. Re1 c4
21. Rxe5 Rxe5 22. Bxe5 cxd3 23. cxd3 c5 24. d4 c4 25. b4 g6 26. a4 h5 27. Ke3 g5
28. d5 Ke7 29. Kd4 b5 30. axb5 axb5 31. Nxb5 Bd3 32. Nd6 Bf1 33. g3 Bxh3 34.
Nxc4 Bd7 35. Nb6 Bb5 36. Kc5 Be2 37. Nc4 Bg4 38. Ne3 Bc8 39. b5 Kd7 40. b6 Bb7
41. Nf5 Kc8 42. Nd6+ 1-0

[Event "AUTO-INT-2025"]
[Site "http://www.queenalice.com/game.php?id=934231"]
[Date "2011.5.4"]
[Round "1"]
[White "nuage"]
[Black "Fiusorov"]
[Result "0-1"]
[WhiteElo "1590"]
[BlackElo "1500"]

1. Nf3 Nf6 2. g3 b6 3. Bg2 Bb7 4. d4 d6 5. Nc3 g6 6. Bg5 Nbd7 7. O-O Bg7 8. Re1
O-O 9. e4 e5 10. d5 h6 11. Bxf6 Nxf6 12. Nb5 a6 13. Na3 c6 14. Nc4 cxd5 15. exd5
b5 16. Na3 Bxd5 17. b3 Qb6 18. c4 bxc4 19. bxc4 Be4 20. h4 Rfc8 21. Rc1 Ng4 22.
Rxe4 Nxf2 23. Qf1 Nxe4+ 24. Kh2 Qb2 25. Nc2 Qxa2 26. Nb4 Qa4 27. Nd5 Qd7 28. Nb6
Qg4 29. Nxa8 Qxg3+ 30. Kg1 Rxa8 31. Rd1 Bf8 32. Re1 f5 33. Kh1 Be7 34. h5 Qg4
35. c5 Ng3+ 0-1

[Event "AUTO-INT-2026"]
[Site "http://www.queenalice.com/game.php?id=934584"]
[Date "2011.5.6"]
[Round "1"]
[White "Agildo_Santos"]
[Black "Fiusorov"]
[Result "1-0"]
[WhiteElo "1675"]
[BlackElo "1706"]

1. d4 Nf6 2. c4 g6 3. Nf3 d6 4. Bf4 Nbd7 5. e3 Bg7 6. Bd3 c6 7. Nc3 Qc7 8. O-O
b6 9. Rc1 Bb7 10. b4 a6 11. a4 O-O 12. d5 cxd5 13. cxd5 Qd8 14. e4 Rc8 15. Ne2
Rxc1 16. Qxc1 Qc8 17. Ned4 Qxc1 18. Rxc1 Rc8 19. Rxc8+ Bxc8 20. Nc6 Kf8 21. Nfd4
Ne8 22. b5 1-0

[Event "AUTO-INT-2026"]
[Site "http://www.queenalice.com/game.php?id=934585"]
[Date "2011.5.6"]
[Round "1"]
[White "Fiusorov"]
[Black "Agildo_Santos"]
[Result "0-1"]
[WhiteElo "1729"]
[BlackElo "1652"]

1. e4 c5 2. Nf3 d6 3. d4 cxd4 4. Nxd4 Nf6 5. Nc3 a6 6. f4 e5 7. fxe5 dxe5 8. Nf3
Qxd1+ 9. Nxd1 Bg4 10. Nc3 Bxf3 11. gxf3 Bc5 12. Bd2 Nc6 13. O-O-O Nd4 14. f4 Nf3
15. fxe5 Nxe5 16. Bc4 Nxc4 17. Bg5 Be3+ 18. Bxe3 Nxe3 19. Rd3 Neg4 20. Rf3 O-O
21. h3 Ne5 22. Rg3 Rad8 23. h4 Nfg4 0-1

[Event "AUTO-INT-2026"]
[Site "http://www.queenalice.com/game.php?id=934602"]
[Date "2011.5.6"]
[Round "1"]
[White "Fiusorov"]
[Black "AnamCara"]
[Result "1/2-1/2"]
[WhiteElo "1845"]
[BlackElo "1478"]

1. e4 e5 2. Nf3 Nf6 3. Nxe5 d6 4. Nd3 Nxe4 5. Qe2 Bf5 6. f3 Qh4+ 7. Nf2 Qxf2+ 8.
Qxf2 Nxf2 9. Kxf2 Bxc2 10. Bc4 Nd7 11. Re1+ Be7 12. Nc3 Ne5 13. Bf1 1/2-1/2

[Event "AUTO-INT-2026"]
[Site "http://www.queenalice.com/game.php?id=934603"]
[Date "2011.5.6"]
[Round "1"]
[White "AnamCara"]
[Black "Fiusorov"]
[Result "1/2-1/2"]
[WhiteElo "1515"]
[BlackElo "1820"]

1. e4 e5 2. Nf3 Nc6 3. d4 exd4 4. Nxd4 Nxd4 5. Qxd4 c5 6. Qd3 b6 7. Be2 Bb7 8.
f3 Ne7 9. Bf4 Ng6 10. Bd6 Be7 11. Bxe7 1/2-1/2

[Event "AUTO-INT-2026"]
[Site "http://www.queenalice.com/game.php?id=934604"]
[Date "2011.5.6"]
[Round "1"]
[White "Fiusorov"]
[Black "marcioleijoto"]
[Result "1/2-1/2"]
[WhiteElo "1856"]
[BlackElo "1588"]

1. e4 e5 2. Nf3 Nc6 3. Bb5 Nge7 4. d4 a6 5. Bxc6 Nxc6 6. d5 Ne7 7. Nxe5 d6 8.
Nf3 Bg4 9. h3 Bxf3 10. Qxf3 g6 11. Bg5 h6 12. Bf6 Rg8 13. Nc3 Bg7 14. O-O Qd7
15. Bxg7 Rxg7 16. Qe3 g5 17. Ne2 Ng6 18. c4 O-O-O 19. Qa7 c6 20. b4 cxd5 21.
cxd5 Qb5 22. a4 Qxe2 23. Rac1+ Kd7 24. Qxb7+ Ke8 25. Qc6+ Kf8 26. b5 axb5 27.
axb5 Rg8 28. b6 Kg7 29. Rc2 Qd3 30. Qc3+ Qxc3 31. Rxc3 Nf4 32. Kh2 Rh8 33. Rc7
Rc8 34. Rfc1 1/2-1/2

[Event "AUTO-INT-2026"]
[Site "http://www.queenalice.com/game.php?id=934605"]
[Date "2011.5.6"]
[Round "1"]
[White "marcioleijoto"]
[Black "Fiusorov"]
[Result "1-0"]
[WhiteElo "1672"]
[BlackElo "1801"]

1. e4 c5 2. c4 d6 3. Nc3 Nf6 4. d3 Nc6 5. Nf3 h6 6. h3 e5 7. Be3 Be7 8. Be2 Bd7
9. a3 a6 10. Nd5 Nxd5 11. cxd5 Na7 12. b4 b6 13. Bd2 O-O 14. a4 Qc7 15. a5 Rab8
16. O-O f5 17. axb6 Rxb6 18. bxc5 dxc5 19. Ba5 Bb5 20. Bxb6 Qxb6 21. Nxe5 Qd6
22. Nf3 fxe4 23. dxe4 Bxe2 24. Qxe2 Nb5 25. g3 Qf6 26. Nh4 g6 27. f4 Qb6 28. f5
Bxh4 29. gxh4 c4+ 30. Kg2 Rf6 31. Qxc4 gxf5 32. Qc8+ Kg7 33. Rxa6 Rg6+ 34. Kh2
Qc7+ 35. Qxc7+ 1-0

[Event "AUTO-OPEN-2353"]
[Site "http://www.queenalice.com/game.php?id=934655"]
[Date "2011.5.6"]
[Round "1"]
[White "maurice91"]
[Black "Fiusorov"]
[Result "1-0"]
[WhiteElo "1752"]
[BlackElo "1770"]

1. d4 Nf6 2. c4 g6 3. Nc3 Bg7 4. e4 O-O 5. Be2 d6 6. Nf3 Nbd7 7. O-O c6 8. Bd2
b6 9. Qc2 Qc7 10. Rac1 Bb7 11. h3 Rfe8 12. d5 cxd5 13. cxd5 Rac8 14. Qa4 Nc5 15.
Qc2 a6 16. Bf4 1-0

[Event "AUTO-OPEN-2353"]
[Site "http://www.queenalice.com/game.php?id=934656"]
[Date "2011.5.6"]
[Round "1"]
[White "Fiusorov"]
[Black "maurice91"]
[Result "0-1"]
[WhiteElo "1748"]
[BlackElo "1769"]

1. e4 c6 2. d4 d5 3. exd5 cxd5 4. Nf3 Nc6 5. c4 Bg4 6. cxd5 Qxd5 7. Be2 Nf6 8.
Nc3 Qd8 9. Be3 e6 10. Bb5 Be7 11. h3 Bxf3 12. Qxf3 O-O 13. Bxc6 bxc6 14. Qxc6
Rb8 15. b3 Rc8 0-1

[Event "AUTO-OPEN-2353"]
[Site "http://www.queenalice.com/game.php?id=934677"]
[Date "2011.5.6"]
[Round "1"]
[White "saturnin"]
[Black "Fiusorov"]
[Result "1-0"]
[WhiteElo "1535"]
[BlackElo "1642"]

1. d3 Nf6 2. g3 g6 3. Bg2 d6 4. e3 Bg7 5. Ne2 Nbd7 6. O-O c6 7. c4 Qc7 8. b4 e5
9. a3 b6 10. b5 Bb7 11. bxc6 Bxc6 12. e4 O-O 13. a4 Rad8 14. Nbc3 a6 15. Ba3
Rfe8 16. Bb4 Rc8 17. a5 1-0

[Event "AUTO-OPEN-2353"]
[Site "http://www.queenalice.com/game.php?id=934678"]
[Date "2011.5.6"]
[Round "1"]
[White "Fiusorov"]
[Black "saturnin"]
[Result "0-1"]
[WhiteElo "1622"]
[BlackElo "1575"]

1. e4 e5 2. Nf3 d6 3. b3 g6 4. Bb2 Bg7 5. h3 Ne7 6. d4 O-O 7. dxe5 dxe5 8. Qxd8
Rxd8 9. Bxe5 Bxe5 10. Nxe5 c6 11. Nd2 a5 12. Rd1 b5 13. c4 f6 14. Nef3 b4 15.
Be2 Nd7 16. O-O h5 17. Nd4 Ne5 18. Nc2 Nd3 0-1

[Event "AUTO-OPEN-2353"]
[Site "http://www.queenalice.com/game.php?id=934689"]
[Date "2011.5.6"]
[Round "1"]
[White "Clovisto"]
[Black "Fiusorov"]
[Result "1-0"]
[WhiteElo "1749"]
[BlackElo "1604"]

1. e4 c5 2. Bc4 e6 3. d4 cxd4 4. Qxd4 Nc6 5. Qc3 Bb4 6. Nf3 Bxc3+ 7. Nxc3 Nge7
8. O-O d5 9. exd5 exd5 10. Rd1 O-O 11. Bxd5 Nxd5 12. Nxd5 Be6 13. Nc3 Qf6 14.
Bg5 Qg6 15. Rd3 f6 16. Bh4 Bh3 17. Bg3 Bf5 18. Nh4 Qh5 19. Rd5 Rad8 20. Rxf5 g5
21. Nf3 Qg6 22. Rc5 1-0

[Event "AUTO-OPEN-2353"]
[Site "http://www.queenalice.com/game.php?id=934690"]
[Date "2011.5.6"]
[Round "1"]
[White "Fiusorov"]
[Black "Clovisto"]
[Result "0-1"]
[WhiteElo "1594"]
[BlackElo "1763"]

1. e4 e5 2. Nf3 d6 3. Nc3 c6 4. d4 Bg4 5. Be2 exd4 6. Qxd4 c5 7. Qd1 Nf6 8. Bf4
Qa5 9. Bd2 Nc6 10. Nd5 Qd8 11. Nxf6+ Qxf6 12. Bc3 Qe7 13. Qd3 O-O-O 14. a3 Bxf3
15. Qxf3 h5 16. O-O Rh6 17. Bc4 Ne5 18. Bxe5 dxe5 19. Qxf7 Qxf7 20. Bxf7 Rf6 21.
Bxh5 g6 22. Bg4+ Kb8 23. Rfb1 Rd2 0-1